Normal view MARC view
  • Kniss Dick

Entry Personal Name

Number of records used in: 1

001 - CONTROL NUMBER

  • control field: 23364

003 - CONTROL NUMBER IDENTIFIER

  • control field: IT-RoPau

005 - DATE AND TIME OF LATEST TRANSACTION

  • control field: 20140501144753.0

008 - FIXED-LENGTH DATA ELEMENTS

  • fixed length control field: 140501|| aca||aabn | a|a d

040 ## - CATALOGING SOURCE

  • Original cataloging agency: IT-RoPau
  • Transcribing agency: IT-RoPau

100 ## - HEADING--PERSONAL NAME

  • Personal name: Kniss Dick
  • Miscellaneous information: Codice autore SPICS: 22352
  • Relator term: Autore
  • Name of part/section of a work: Sunshine On My Shoulders

670 ## - SOURCE DATA FOUND

  • Source citation: Work cat.: (IT-RoPau)101109: Denver John 23357, John Denver's Greatest Hits (Cd Pd80374)
CREDITS: SOCIETA' SAN PAOLO Via A.Severo, 58 - ROMA (RM) & PERIODICI SAN PAOLO SRL Via Giotto, 36 MILANO & CISF Via Giotto, 36 MILANO & EDIZIONI SAN PAOLO SRL,  Piazza Soncino, 5 CINISELLO BALSAMO (MI) -- ITALY